Nam Cao truyện ngắn tuyển chọn

Uloženo v:
Podrobná bibliografie
Hlavní autor: Nam Cao
Médium: Kniha
Jazyk:Undetermined
Vydáno: H. Văn học 1998
Témata:
On-line přístup:http://lrc.tdmu.edu.vn/opac/search/detail.asp?aID=2&ID=7014
Tagy: Přidat tag
Žádné tagy, Buďte první, kdo otaguje tento záznam!
Thư viện lưu trữ: Trung tâm Học liệu Trường Đại học Thủ Dầu Một
LEADER 00583nam a2200193Ia 4500
001 TDMU_7014
008 210410s9999 xx 000 0 und d
082 |a 895.9223 
090 |b N104 
100 |a Nam Cao 
245 0 |a Nam Cao truyện ngắn tuyển chọn 
245 0 |c Lan Hương (tuyển chọn) 
260 |a H. 
260 |b Văn học 
260 |c 1998 
300 |a 466tr 
650 |a Nam Cao; Truyện ngắn 
856 |u http://lrc.tdmu.edu.vn/opac/search/detail.asp?aID=2&ID=7014 
980 |a Trung tâm Học liệu Trường Đại học Thủ Dầu Một